00548nam a2200133Ia 4500008004100000100003300041245009400074260003300168300001700201650001900218856008500237999001900322952007300341160712s9999 xx 000 0 und d aTaduran, Richard Jonathan O. cRichard Jonathan O. TaduranaMukha Mo: A Preliminary Study on Filipino Facial Expressions c2012bSocial Science Diliman avol. 8 no. 2 xSOCIAL SCIENCE uhttp://journals.upd.edu.ph/index.php/socialsciencediliman/issue/view/377/showToc c297495d297495 001040aCLbCLd2016-07-12l0r2016-07-12 00:00:00w2016-07-12yFEJ